000 00373nam a2200157Ia 4500
008 210210b1938 xxu||||| |||| 00| 0 eng d
041 _aeng
082 _a823/327
100 _aSHAKESPEARE (William)
245 _aTwelfth night
260 _aOxford
_bAt the Clarendon Press
_c1938
650 _aTwelfth
650 _anight
690 _aEnglish Drama
906 _a013871
999 _c132940
_d132940